Možnosti integrace existují.

Pohľad na jednotnú česko-slovenskú ekonomiku. Zaostávanie ekonomickej úrovne Slovenska za českými krajinami v rakúsko-uhorskej monarchii. Údaje o ekonomickom rozvoji v prvej republike. Zbližovanie ekonomickej úrovne v r. 1945-1990. Rýchlejšie tempá rastu na Slovensku ako v Čechách. Porovnanie vývinu...

Descrizione completa

Salvato in:
Dettagli Bibliografici
Autore principale: Bálek, Alexej
Natura: Capitolo di libro
Lingua:ceco
Soggetti:
Tags: Aggiungi Tag
Nessun Tag, puoi essere il primo ad aggiungerne!!

MARC

LEADER 00000naa a2200000 4500
001 r002910
005 20221125080111.5
041 0 |a cze 
044 |a [CS] 
245 1 0 |a Možnosti integrace existují.  |c A. Bálek 
520 |a Pohľad na jednotnú česko-slovenskú ekonomiku. Zaostávanie ekonomickej úrovne Slovenska za českými krajinami v rakúsko-uhorskej monarchii. Údaje o ekonomickom rozvoji v prvej republike. Zbližovanie ekonomickej úrovne v r. 1945-1990. Rýchlejšie tempá rastu na Slovensku ako v Čechách. Porovnanie vývinu životnej úrovne. Predpoklady pre efektívne prehlbovanie integrácie. 
610 2 0 |a rozvoj hospodársky 
610 2 0 |a dejiny hospodárske 
610 2 0 |a ČSFR 
610 2 0 |a integrácia ekonomická 
610 2 0 |a Slovensko 
610 2 0 |a Čechy 
100 1 |a Bálek, Alexej